000 00566nam a2200217Ia 4500
003 OSt
005 20220918192552.0
006 a|||||r|||| 00| 0
007 ta
008 220917b |||||||| |||| 00| 0 eng d
024 _a69,075
037 _cTextual
040 _aARTS
_cARTS
_beng
041 _2eng
_aeng
082 _aR3:X:3M24, H6
100 _aSomerville John
_979465
245 0 _aSoviet philosophy
_b a study of theory and practice
260 _c1946
942 _hR3:X:3M24, H6
_cTEXL
_2CC
999 _c195238
_d195238